| 000 | 00433nam a22001697a 4500 | ||
|---|---|---|---|
| 005 | 20160611094531.0 | ||
| 008 | 160611b xxu||||| |||| 00| 0 eng d | ||
| 020 | _a81-259-1043-3 | ||
| 041 | _aeng | ||
| 082 | _b6773 | ||
| 100 |
_aMadhukar, RK _9435 |
||
| 245 | _aBusiness Communication and Customer Relations | ||
| 260 |
_aNew Delhi _bVikas Publishing House (P) Ltd. |
||
| 300 | _a243 | ||
| 650 |
_aManagement _9241 |
||
| 942 | _cBK | ||
| 999 |
_c2362 _d2361 |
||